000 00444nam a2200181Ia 4500
001 19590
005 20260306172704.0
008 260306t2017||||xx |||||||||||||| ||spa||
041 _aESP
082 _a340.7
_bE373 N° 15
100 _aSimons Camino, Alberto
_eAUT
245 0 _aÉtica y ejercicio de la ciudadanía
260 _c2017
300 _a136 páginas :
_c20 cm.
650 _aGEN
654 _aCDE
942 _cLIB
_dJUS
_fJUS
_2ddc
_n
999 _c19590
_d19590